| 000 | 01010nam a2200229Ia 4500 | ||
|---|---|---|---|
| 003 | Ost | ||
| 005 | 20260507075745.0 | ||
| 008 | 260507s9999||||xx |||||||||||||| ||und|| | ||
| 020 | _a4025009961 | ||
| 040 | _cfsecg | ||
| 041 | _aara | ||
| 082 | _a330 | ||
| 100 |
_aشبايكي، سعدان _eمؤلف |
||
| 245 | 0 |
_aتقنيات المحاسبة حسب المخطط المحاسبي الوطني / _c سعدان شبايكي |
|
| 260 |
_aالجزائر: _bديوان المطبوعات الجامعية, _c2002 |
||
| 300 |
_a327 صفحة؛ _bإيضاحات ؛ _c24 سم |
||
| 520 | _aالميزانية وصافي المركز المالي- الحساب والقيد المزدوج- دفاتر الأستاذ وميزان المراجعة- دراسات الحسابات- الاوراق التجارية- أعمال نهاية السنة- حالة عملية . | ||
| 653 | _aالمحاسبة | ||
| 653 | _aالمخطط المحاسبي | ||
| 653 | _aتقنيات المحاسبة | ||
| 942 | _cكتاب | ||
| 999 |
_c46186 _d46186 |
||